| 000 | 00579nam a2200217 4500 | ||
|---|---|---|---|
| 001 | 2198157 | ||
| 005 | 20180309033704.0 | ||
| 008 | 740511s1974 iaua b 001 0 engd | ||
| 010 | _a 73092541 | ||
| 020 | _a0696041425 | ||
| 040 |
_aDLC _cDLC _dDLC |
||
| 041 | _aeng | ||
| 080 | _a158.3 STE | ||
| 082 | 0 | 0 | _a158.3 STE |
| 100 | 1 | _a40 | |
| 101 | _aMED | ||
| 245 | 0 | 0 |
_aInterviewing: principles and practices _c[by] Charles J. Stewart [and] William B. Cash. |
| 504 | _aIncludes bibliographies. | ||
| 906 |
_a7 _bcbc _corignew _d2 _eopcn _f19 _gy-gencatlg |
||
| 942 |
_2ddc _cBK |
||
| 999 |
_c44525 _d44525 |
||